All Virginia Cities and Towns On a Map - Statistics

General Stats
  • This quiz has been taken 203 times
  • The average score is 49 of 228
Answers on the Map
Answers color-coded by a green-red scale on the quiz's map according to % correct below.
 
Answer Stats
City Population % Correct
Richmond 226,604
94%
Alexandria 154,706
91%
Virginia Beach 457,672
90%
Norfolk 235,089
87%
Roanoke 98,865
87%
Charlottesville 45,672
86%
Blacksburg 44,949
81%
Newport News 184,587
80%
Lynchburg 79,009
76%
Chesapeake 251,269
74%
Danville 42,215
74%
Fairfax 24,276
74%
Williamsburg 15,590
74%
Hampton 137,746
73%
Manassas 42,708
72%
Fredericksburg 28,367
71%
Harrisonburg 51,430
71%
Winchester 28,136
67%
Suffolk 96,194
65%
Bristol 17,054
63%
Leesburg 48,908
63%
Petersburg 33,429
63%
Portsmouth 97,840
63%
Staunton 25,661
62%
Falls Church 14,493
57%
Lexington 7,456
52%
Salem 25,373
52%
Christiansburg 22,615
50%
Culpeper 20,493
47%
Radford 16,499
45%
Manassas Park 17,002
44%
Front Royal 15,155
42%
Martinsville 13,517
42%
Waynesboro 22,550
42%
Galax 6,660
41%
Emporia 5,667
40%
Hopewell 23,140
38%
Appomattox 1,916
37%
Ashland 7,573
36%
Poquoson 12,574
36%
Vienna 16,329
36%
Buena Vista 6,601
35%
Colonial Heights 18,273
35%
Franklin 8,217
34%
Herndon 24,339
34%
Orange 5,157
34%
Warrenton 10,109
34%
Abingdon 8,321
33%
Bedford 6,642
33%
Farmville 7,202
33%
South Boston 7,932
33%
Wise 2,921
33%
Shenandoah 2,499
31%
Luray 4,794
30%
Wytheville 8,241
30%
Covington 5,717
29%
Norton 3,666
28%
Washington 83
28%
Louisa 2,066
27%
Quantico 579
27%
Madison 207
26%
Clifton 241
25%
Dumfries 5,687
25%
Pulaski 8,961
25%
Tazewell 4,423
25%
Floyd 450
23%
Cape Charles 1,180
22%
Berryville 4,561
21%
Halifax 1,105
21%
Tappahannock 2,241
21%
Bridgewater 6,177
20%
Marion 5,762
20%
Smithfield 8,693
20%
Surry 208
20%
Buchanan 1,210
19%
Chincoteague 3,306
19%
Rocky Mount 4,900
19%
Accomac 522
18%
Amherst 2,152
18%
Big Stone Gap 5,206
18%
Bluefield 5,018
18%
Clarksville 1,298
18%
Haymarket 1,553
18%
Mineral 485
18%
Purcellville 9,040
18%
South Hill 4,709
18%
Blackstone 3,354
17%
Vinton 8,021
17%
Clifton Forge 3,478
16%
Grundy 822
16%
Middleburg 669
16%
Strasburg 7,191
16%
West Point 3,419
16%
Chatham 1,191
15%
Dublin 2,640
15%
Woodstock 5,861
15%
Bowling Green 1,174
14%
Crewe 2,264
14%
Edinburg 1,197
14%
Gordonsville 1,434
14%
Hamilton 611
14%
Ivor 309
14%
New Market 2,158
14%
Occoquan 1,038
14%
Tangier 431
14%
Warsaw 1,657
14%
Broadway 4,235
13%
Damascus 787
13%
Exmore 1,451
13%
Gate City 2,030
13%
Gretna 1,284
13%
Kilmarnock 1,112
13%
Port Royal 200
13%
Stuart 1,346
13%
Colonial Beach 3,937
12%
Grottoes 2,943
12%
Monterey 165
12%
Wakefield 720
12%
Altavista 3,364
11%
Dillwyn 440
11%
Glasgow 1,053
11%
Hillsville 2,876
11%
Lebanon 3,122
11%
Scottsville 530
11%
Waverly 1,875
11%
Boydton 298
10%
Brodnax 285
10%
Chase City 2,047
10%
Independence 1,002
10%
Jonesville 867
10%
Kenbridge 1,112
10%
Lawrenceville 1,016
10%
Narrows 2,063
10%
Pearisburg 2,860
10%
Pennington Gap 1,602
10%
Rural Retreat 1,533
10%
Stephens City 2,067
10%
The Plains 248
10%
Troutville 465
10%
Virgilina 123
10%
Windsor 2,826
10%
Appalachia 1,410
9%
Burkeville 419
9%
Elkton 2,989
9%
Fincastle 723
9%
Goshen 339
9%
Haysi 529
9%
Hurt 1,259
9%
Montross 338
9%
Remington 632
9%
Stanardsville 348
9%
Victoria 1,742
9%
Boones Mill 260
8%
Dayton 1,712
8%
Eastville 298
8%
Hillsboro 114
8%
Iron Gate 316
8%
Irvington 477
8%
Keysville 798
8%
Middletown 1,385
8%
Mount Crawford 444
8%
Mount Jackson 1,987
8%
New Castle 126
8%
Pembroke 1,136
8%
Pound 857
8%
St. Paul 849
8%
Alberta 302
7%
Charlotte Court House 496
7%
Courtland 1,295
7%
La Crosse 609
7%
Lovettsville 2,735
7%
McKenney 517
7%
Onancock 1,161
7%
Richlands 5,213
7%
Saltville 1,791
7%
Stanley 1,715
7%
Boyce 760
6%
Brookneal 1,066
6%
Claremont 304
6%
Clinchco 234
6%
Clintwood 1,358
6%
Fries 451
6%
Glen Lyn 94
6%
Honaker 1,201
6%
Jarratt 637
6%
Nassawadox 518
6%
Pocahontas 264
6%
Ridgeway 746
6%
Round Hill 695
6%
Timberville 2,993
6%
Toms Brook 277
6%
Urbanna 500
6%
White Stone 386
6%
Chilhowie 1,668
5%
Craigsville 903
5%
Drakes Branch 526
5%
Glade Spring 1,364
5%
Parksley 809
5%
Stony Creek 195
5%
Boykins 512
4%
Clinchport 63
4%
Coeburn 1,575
4%
Dendron 253
4%
Pamplin City 142
4%
Wachapreague 254
4%
Bloxom 382
3%
Cheriton 473
3%
Cleveland 138
3%
Duffield 71
3%
Nickelsville 379
3%
Onley 534
3%
Saxis 169
3%
Scottsburg 123
3%
Troutdale 140
3%
Weber City 1,237
3%
Belle Haven 537
2%
Branchville 118
2%
Capron 138
2%
Cedar Bluff 1,051
2%
Dungannon 254
2%
Hallwood 205
2%
Melfa 396
2%
Newsoms 282
2%
Painter 273
2%
Phenix 231
2%
Rich Creek 726
2%
St. Charles 72
2%
Keller 141
1%
No matching quizzes found
Score Distribution
Percent of People with Each Score
Percentile by Number Answered
Your Score History
You have not taken this quiz